000 00767nam a2200241 i 4500
001 C2-0269399
003 PPAK
005 20180728000102.0
008 060808s2005 my a|||| ||||| | zxx d
022 _a1675-6223
040 _aPPAK
_beng
_cPPAK
_erda
082 0 4 _a621.382
_223
090 0 0 _a621.382
_bMAL
_dR
245 0 0 _aKomunikasi & multimedia: fakta dan angka terpilih Q3
_b= Communications & multimedia: selected facts & figures Q3
264 1 _aCyberjaya, Selangor :
_bSuruhanjaya Komunikasi dan Multimedia Malaysia ,
_c2005
300 _ax, 75 pages :
_billustrations ;
_c30 cm
336 _2rdacontent
_atext
337 _2rdamedia
_aunmediated
338 _2rdacarrier
_avolume
650 1 0 _aMultiedia systems.
700 _eauthor
942 _ddc
_cB
999 _c78093
_d78093